Кн. 1: Программная архитектура; Микропроцессор i 486. Архитектура и программирование

Bibliographische Detailangaben
Parent link:Микропроцессор i 486. Архитектура и программирование: в 4 книгах/ В. Л. Григорьев. Кн. 1: Программная архитектура.— , 1993-
Sprache:Russisch
Veröffentlicht: 1993
Schlagworte:
Format: MixedMaterials Buch
KOHA link:https://koha.lib.tpu.ru/cgi-bin/koha/opac-detail.pl?biblionumber=26462

MARC

LEADER 00000nam2a2200000 4500
001 26462
005 20231030201619.0
010 |a 5900676013 
035 |a (RuTPU)RU\TPU\book\26706 
035 |a BOOK00026781 
090 |a 26462 
100 |a 20011209d1993 km y0rusy50 ca 
101 0 |a rus 
102 |a RU 
105 |a a z 000zy 
200 0 |a Кн. 1: Программная архитектура 
210 |d 1993 
215 |a 346 с.  |c ил. 
461 1 |0 (RuTPU)RU\TPU\book\78960  |t Микропроцессор i 486. Архитектура и программирование  |o в 4 книгах  |f В. Л. Григорьев  |v Кн. 1: Программная архитектура  |d 1993- 
610 1 |a вычислительная техника 
610 1 |a программирование 
610 1 |a процессоры 
610 1 |a микропроцессоры 
610 1 |a форматы команд 
610 1 |a память 
610 1 |a средства защиты 
610 1 |a архитектура 
610 1 |a I 486 
675 |a 681.325.5  |v 3 
801 0 |a RU  |b 63413507  |c 20011209  |g PSBO 
801 2 |a RU  |b 63413507  |c 20160829  |g PSBO 
900 |a Вычислительная техника 
900 |a Программирование 
942 |c BK